=LDR 00000nam 2200000 4500 =001 NUTBA000000000003936 =005 20140829104520.0 =006 =007 =008 =020 ##$$a 978-602-95978-8-2 =035 ##$$0010-081400000000781 =040 ##$$a NBPDMAT =082 ##$$a 813 =090 ##$$a 813 $b Alb t =100 ##$$a Albert Camus =245 ##$$a The outsider sang pemberontak / $c Albert Camus ; penerjemah, Ermelinda =260 ##$$a Surabaya : $b Liris, $c 2010 =300 ##$$a viii, 184 hlm. ; $c 19 cm. =650 ##$$a Fiksi Indonesia =990 ##$$a 21408687 =990 ##$$a 0001/BPAP-NTB/20142015